000 00370nam a22001457a 4500
008 250729b |||||||| |||| 00| 0 eng d
020 _a9781260083958
050 _aHD 58.7
_b.K17
100 _aKONOPASKE ROBERT
245 _aORGANIZATIONAL BEHAVIOUR & MANAGEMENT
250 _a11th
260 _aNEW YORK
_bMC GRAW-HILL EDUCATION
_c2019
300 _a604p.
942 _cBK
999 _c4386
_d4386